000 00473nam a2200133Ia 4500
008 171212s9999 xx 000 0 und d
020 _a9781921536984
100 _aHorridge, Adrian
245 _cHorridge, Adrian
_aWhat does the Honeybee See? And how do we Know?
_bA critique of scientific reason
260 _bANU E Press
_c2009
650 _aGeneral Science
650 _aHoneybee; Bees; Insects; Vision; Robot vision
856 _uwww.jstor.org/stable/10.2307/j.ctt24hf1n
999 _c351416
_d351416